000 00378nam a2200145 i 4500
001 bgj
100 1 _aNICHOLS, John Treadwell
_d(1940- ).
245 1 0 _aThe Sterile Cuckoo /
_cJohn [Treadwell] Nichols.
260 _aNew York :
_bAvon Books,
_c1969.
300 _a222 pp ;
_c18 cm.
040 _cBPK
041 0 _aeng
942 _cKS
008 s uk f |000 0 eng
999 _c48365
_d48365
856 _uhttp://koha.tu.koszalin.pl/cgi-bin/koha/opac-detail.pl?biblionumber=48365
_yKatalog online BPK